LEADER 00985cam0-22003251i-450- 001 990005265490403321 005 20121018154004.0 010 $a0-691-03545-8 035 $a000526549 035 $aFED01000526549 035 $a(Aleph)000526549FED01 035 $a000526549 100 $a19990604d1975----km-y0itay50------ba 101 0 $aeng 102 $aUS 105 $ay-------001yy 200 1 $a<>sacred and civil calendar of the athenian year$fJon D. Mikalson 210 $aPrinceton (N.J.)$cPrinceton University Press$d1975 215 $aX, 226 p.$d23 cm 610 0 $aCalendari$aGrecia antica 676 $a529.32208$v19$zita 700 1$aMikalson,$bJon D.$0169405 801 0$aIT$bUNINA$gRICA$2UNIMARC 901 $aBK 912 $a990005265490403321 952 $a529.322 MIK 1$bANT. G.R. 3638$fFLFBC 952 $a529.322 MIK 1 BIS$bANT. G.R. 2217$fFLFBC 959 $aFLFBC 996 $aSacred and civil calendar of the Athenian year$9177751 997 $aUNINA LEADER 00898nam a2200253 i 4500 001 991000403299707536 005 20230329101155.0 008 970605s1976 it ||| | ita 035 $ab10072469-39ule_inst 035 $aLE02515374 040 $aFac. Economia$bita 082 0 $a346.078 100 1 $aTerranova, Giuseppe$0115021 245 12$aL'assuntore di concordato fallimentare /$cGiuseppe Terranova 260 $aMilano :$bA. Giuffrè A,$c1976 300 $a124 p. ;$c25 cm. 490 1 $aSaggi di diritto commerciale. Nuova Serie 650 4$aConcordato fallimentare 907 $a.b10072469$b17-02-17$c27-06-02 912 $a991000403299707536 945 $aLE025 346 TER$g1$i2025000029545$lle025$o-$pE0.00$q-$rl$s-$t0$u2$v0$w2$x0$y.i10081677$z27-06-02 996 $aAssuntore di concordato fallimentare$9195024 997 $aUNISALENTO 998 $ale025$b01-01-97$cm$da$e-$fita$git$h2$i1 LEADER 04264nam 2200577 450 001 9910811299603321 005 20191118111955.0 010 $a0-7556-0443-1 010 $a0-85772-538-6 010 $a0-85773-846-1 024 7 $a10.5040/9780755604432 035 $a(CKB)4340000000262912 035 $a(MiAaPQ)EBC5338694 035 $a(CaBNVSL)mat55604432 035 $a(OCoLC)1128166882 035 $a(CaBNVSL)9780755604432 035 $a(EXLCZ)994340000000262912 100 $a20191118d2019 uy 0 101 0 $aeng 135 $aurcnu|||||||| 181 $ctxt$2rdacontent 182 $cc$2rdamedia 183 $acr$2rdacarrier 200 00$aContemporary art from the Middle East $eregional interactions with global art discourses /$fedited by Hamid Keshmirshekan 205 $aFirst edition. 210 1$aLondon, England :$cI.B. Tauris,$d2019. 210 2$a[London, England] :$cBloomsbury Publishing,$d2019. 215 $a1 online resource (xix, 263 pages, 24 unnumbered pages of plates) $cillustrations 225 1 $aInternational Library of Modern and Contemporary Art ;$v18 311 $a1-78453-002-6 320 $aIncludes bibliographical references (pages 246-257) and index. 327 $aTrauma, memory and history / Hamid Dabashi -- Oblique points of entry / Irit Rogoff -- Framing the discipline of contemporary art of the Arab world through the press / Nada Shabout -- Mapping Iranian contemporary art publications and knowledge-production / Hamid Severi -- The spectre (of knowledge) : recording the vernacular / Shaheen Merali -- Education and the teaching of contemporary art from the Middle East / James Allan -- The crisis of belonging : on the politics of art practice in contemporary Iran / Hamid Keshmirshekan -- A short history of postwar art in Lebanon through the early work of Walid Sadek and Ziad Abillama / Sarah Rogers -- Deconstruction and the contemporary arts of Iran : reversal of the hierarchy / Abbas Daneshvari -- Introducing art from the Middle East and its diaspora into western institutions : benefits and dilemmas / Fereshteh Daftari -- Histories of the present : the changing worlds of Middle Eastern artists / Venetia Porter -- Tehran Museum of Contemporary Art as a microcosm of the state's cultural agenda / Helia Darabi. 330 $aHow is home-grown contemporary art viewed within the Middle East? And is it understood differently outside the region? What is liable to be lost when contemporary art from the Middle East is 'transferred' to international contexts - and how can it be reclaimed? This timely book tackles ongoing questions about how 'local' perspectives on contemporary art from the Middle East are defined and how these perspectives intersect with global art discourses. Inside, leading figures from the Middle Eastern art world, western art historians, art theorists and museum curators discuss the historical and cultural circumstances which have shaped contemporary art from the Middle East, reflecting on recent exhibitions and curatorial projects and revealing how artists have struggled with the label of 'Middle Eastern Artist'. Chapters reflect on the fundamental methodologies of art history and cultural studies - considering how relevant they are when studying contemporary art from the Middle East - and investigate the ways in which contemporary, so-called 'global', theories impact on the making of art in the region. Drawing on their unique expertise, the book's contributors offer completely new perspectives on the most recent cultural, intellectual and socio-political developments of contemporary art from the Middle East. 410 0$aInternational library of modern and contemporary art ;$v18. 606 $aMiddle Eastern art$y20th century 606 $aMiddle Eastern art$y21st century 606 $aModern art 606 $aOriental art$2bicssc 615 0$aMiddle Eastern art 615 0$aMiddle Eastern art 615 0$aModern art. 615 7$aOriental art 676 $a709.5609/04 702 $aKeshmirshekan$b Hamid 801 0$bN 801 1$bCaBNVSL 801 2$bCaBNVSL 906 $aBOOK 912 $a9910811299603321 996 $aContemporary art from the Middle East$94086319 997 $aUNINA LEADER 01883nam 2200457z- 450 001 9910576867303321 005 20220622 010 $a1000139779 035 $a(CKB)5860000000051476 035 $a(oapen)https://directory.doabooks.org/handle/20.500.12854/84629 035 $a(oapen)doab84629 035 $a(EXLCZ)995860000000051476 100 $a20202206d2022 |y 0 101 0 $ager 135 $aurmn|---annan 181 $ctxt$2rdacontent 182 $cc$2rdamedia 183 $acr$2rdacarrier 200 00$aIntegrierte planare Antennen fu?r supraleitende Detektorsysteme zur THz-Strahldiagnostik 210 $aKarlsruhe$cKIT Scientific Publishing$d2022 215 $a1 online resource (246 p.) 225 1 $aKarlsruher Schriftenreihe zur Supraleitung 311 08$a3-7315-1145-2 330 $aIn the THz frequency range, superconducting detectors coupled to planar antennas are well suited for the use in the field of accelerator beam diagnostics. This work studies the coupling efficiency and spectral sensitivity of different antenna designs. Based on the conclusions, two different detector systems for spectroscopic measurements are developed and verified with measurements at accelerator-based light sources. 606 $aElectrical engineering$2bicssc 610 $aplanar antennas 610 $aPlanarantennen 610 $asuperconductivity 610 $aSupraleitung 610 $asynchrotron radiation 610 $aSynchrotronstrahlung 610 $aterahertz detector 610 $aterahertz radiation 610 $aTerahertzstrahlung 610 $aTHz-Detektoren 615 7$aElectrical engineering 700 $aSchmid$b Alexander$4auth$0517190 906 $aBOOK 912 $a9910576867303321 996 $aIntegrierte planare Antennen für supraleitende Detektorsysteme zur THz-Strahldiagnostik$93033751 997 $aUNINA